000 00327nab a22001097u 4500
008 130520b1987 xxu||||| |||| 00| 0 spa d
041 _aspa
100 1 _aHeertel, P.
_967413
245 0 0 _aDemocracia cristiana internacional (Opus Dei)
_cP. Heertel
773 0 _tConcilium
_gV.2,1987,págs.293-305
_x0210-1041
_wRev134
942 _cAR
999 _c355320
_d355320